El maravilloso viaje de Rosendo Bucurú / (Registro nro. 59230)
[ vista simple ]
| 000 -CABECERA | |
|---|---|
| Longitud fija campo de control | 00937cam a2200301 a 4500 |
| 003 - • IDENTIFICADOR DELl NÚMERO DE CONTROL | |
| Identificador del número de control | CO-BoRNBP |
| 005 - • FECHA Y HORA DE LA ÚLTIMA TRANSACCIÓN | |
| Fecha y hora de la última transacción | 20250919205905.0 |
| 007 - • CAMPO FIJO DE DESCRIPCIÓN FÍSICA | |
| Campo fijo de descripción física | ta |
| 008 - • CÓDIGOS DE INFORMACIÓN DE LONGITUD FIJA | |
| Códigos de información de longitud fija | 51121s2003 ck a gr 000 f spa |
| 020 ## - • NÚMERO INTERNACIONAL NORMALIZADO PARA LIBROS | |
| Número Internacional Normalizado para Libros (ISBN) | 9583003433 |
| 040 ## - FUENTE DE LA CATALOGACIÓN | |
| Centro catalogador de origen | CO-ArBCA |
| Lengua de catalogación | spa |
| Centro modificado | CO-BoBN |
| Centro transcriptor | - |
| 082 04 - • NÚMERO DE LA CLASIFICACIÓN DECIMAL DEWEY | |
| Número de clasificación (R) | Co863.5 |
| Número de edición | 23 |
| 084 ## - • Clasificación Local Alfanúmerica PNLB | |
| Número de clasificación | - |
| 092 ## - NÚMERO DE TELÉFONO LOCAL | |
| Número de clasificación | Verde R742m |
| 100 1# - • PUNTO DE ACCESO PRINCIPAL-NOMBRE DE PERSONA | |
| Nombre de persona | Román, Celso, |
| Fechas asociadas al nombre | 1947- |
| 245 13 - • TITULO PROPIAMENTE DICHO | |
| Título | El maravilloso viaje de Rosendo Bucurú / |
| Mención de responsabilidad, etc. | Celso Román ; Ilustraciones de Henry González |
| 250 ## - • MENCIÓN DE EDICIÓN | |
| Mención de edición | 3a. reimpr. |
| 300 ## - • DESCRIPCIÓN FÍSICA | |
| Extensión | 109 p. : |
| Otras características físicas | il. byn ; |
| Dimensiones | 24 cm |
| 336 ## - TIPO DE CONTENIDO | |
| Fuente | rdacontent |
| Término de tipo de contenido | texto |
| Código de tipo de contenido | txt |
| 337 ## - TIPO DE MEDIO | |
| Fuente | rdamedia |
| Nombre del tipo de medio | sin mediación |
| Código del tipo de medio | n |
| 338 ## - TIPO DE SOPORTE | |
| Fuente | rdacarrier |
| Nombre del tipo de soporte | volumen |
| Código del tipo de soporte | nc |
| 490 0# - • MENCIÓN DE SERIE | |
| Mención de serie | Corcel |
| 505 0# - • NOTA DE CONTENIDO CON FORMATO | |
| Nota de contenido con formato | La ciudad de los peces bigotudos -- El encargo y el caracol para emergencias |
| 650 14 - • PUNTO DE ACCESO ADICIONAL DE MATERIA - TÉRMINO DE MATERIA | |
| Término de materia o nombre geográfico como elemento inicial | Novela colombiana |
| Subdivisión cronológica | Siglo XXI |
| Fuente del encabezamiento o término | LEMB |
| 700 1# - • PUNTO DE ACCESO ADICIONAL - NOMBRE DE PERSONA | |
| Nombre de persona | González Torres, Henry Javier |
| Término indicativo de función | ilustrador |
| 942 ## - ENTRADA DE ELEMENTOS AGREGADOS (KOHA) | |
| Fuente de clasificaión o esquema | Dewey Decimal Classification |
| Koha [por defecto] tipo de item | LIbro |
| Perdido | Fuente de clasificación o esquema | Estado Físico | No para préstamo | Forma de adquisición | Localización permanente | Localización actual | Localización en estanterías | Fecha adquisición | Préstamos totales | Signatura completa | Código de barras | Fecha última consulta | Número de copia | Fecha del precio de reemplazo | Tipo de item de Koha |
|---|---|---|---|---|---|---|---|---|---|---|---|---|---|---|---|
| Clasificación Local Facetada | Infantil | Biblioteca Pública Fuentedeoro - Henry Llanos García | Biblioteca Pública Fuentedeoro - Henry Llanos García | Sala Infantil | 09/19/2025 | N ROM1 | Fo02789 | 09/19/2025 | Ej.1 | 09/19/2025 | Libro Infantil |